Score 0/58 Timer 07:00
0 Plays Today
% Correct
Yellowstone
95.5%
Yosemite
91.3%
Grand Canyon
89.5%
Everglades
86.4%
Glacier
85%
Acadia
80.8%
Olympic
80.2%
Grand Teton
80.2%
Zion
79.8%
Rocky Mountain
78.9%
Death Valley
78.1%
Great Smoky Mountains
78.1%
Denali
76.9%
Arches
76.5%
Redwood
75.7%
Bryce Canyon
75.1%
Badlands
74.5%
Crater Lake
74.3%
Joshua Tree
71.7%
Sequoia
70.2%
Big Bend
69.4%
Canyonlands
67.6%
Isle Royale
66.4%
Kings Canyon
66%
Petrified Forest
65.6%
Theodore Roosevelt
65.6%
Hawaii Volcanoes
64.8%
Mount Rainier
64.8%
Shenandoah
64.6%
% Correct
North Cascades
61.9%
Carlsbad Caverns
61.3%
Mesa Verde
61.3%
Glacier Bay
61.1%
Gates Of The Arctic
59.9%
Cuyahoga Valley
59.1%
Wind Cave
58.9%
Channel Islands
58.7%
Hot Springs
58.3%
Dry Tortugas
57.3%
Voyageurs
57.1%
Capitol Reef
56.7%
Great Sand Dunes
56.7%
Biscayne
56.5%
Lassen Volcanic
54.9%
Black Canyon Of Gunnison
54.3%
American Samoa
54%
Saguaro
54%
Kenai Fjords
53.8%
Wrangell-St. Elias
53.6%
Virgin Islands
53.6%
Lake Clark
52.4%
Great Basin
51.6%
Congaree
51.6%
Katmai
50.2%
Guadalupe Mountains
49.6%
Kobuk Valley
49.4%
Haleakala
49.2%
Mammoth Caves
49.2%

You're not logged in!

Compare scores with friends on all Sporcle quizzes.
OR
Log In

Sporcle TV

Today on Sporcle TV


Watch our educational content, quiz creation guides, and fun videos on Sporcle TV.

Show Comments

Extras

Created Oct 4, 2009ReportNominate
Tags:national, National Parks, park

Top Quizzes Today


Score Distribution

Paid Content

Your Account Isn't Verified!

In order to create a playlist on Sporcle, you need to verify the email address you used during registration. Go to your Sporcle Settings to finish the process.

Report this User

Report this user for behavior that violates our Community Guidelines.

Details: